000 00316nam a22001337a 4500
008 171020b xxu||||| |||| 00| 0 eng d
020 _a0442209185
041 _aeng
080 _a338
100 _a54
101 _aMEN
245 _aA PRACTICAL GUIDE TO DATA COMMUNICATIONS MANAGEMENT
_cHANNAN,J
942 _2udc
_cBK
999 _c35216
_d35216